000 00297nam a22001337a 4500
008 170810b xxu||||| |||| 00| 0 eng d
020 _a9780130826367
041 _aeng
080 _a004
100 _a35
101 _aSHKI
245 _aDECISION SUPPORT SYSTEMS
_cMARAKAS, G.M
942 _2udc
_cBK
999 _c23149
_d23149